| 000 | 01833nam a2200289Ia 4500 | ||
|---|---|---|---|
| 008 | 130821s1983 xxua gs mul | ||
| 040 |
_aCo-BoUCM _bspa |
||
| 041 | 0 | 0 | _aspa°aeng°apor°afre |
| 092 | _aDVD 0554 | ||
| 245 | 0 | 0 |
_aBajo el fuego _c[DVD] _c[dirigida por] Roger Spottiswoode |
| 260 |
_aWashington D.C. (Estados Unidos) _bMetro-Goldwyn-Mayer _c1983 |
||
| 300 |
_a1 DVD _bson., color |
||
| 500 | _aSINOPSIS : Ambientada en Centroamérica en los años ochenta, narra la historia de tres periodistas americanos que se dirigen a Nicaragua, donde la guerrilla sandinista dirigida por Rafael amenaza el poder del dictador Somoza, que recibe ayuda de la CIA. Russell Price (Nick Nolte), un fotógrafo periodista, es presionado por la reportera de radio Claire (Joanna Cassidy) para que se involucre en la revolución sandinista, hecho en el que también se ve envuelto otro colega de profesión (Gene Hackman). | ||
| 508 | _aDirector, Roger Spottiswoode ; guión, Ron Shelton & Clayton Frohman ; música, Jerry Goldsmith ; fotografía, John Alcott. | ||
| 511 | _aNick Nolte, Gene Hackman, Joanna Cassidy, Jean-Louis Trintignant, Richard Masur, Ed Harris, Martin Lasalle, Holly Palance, Hamilton Camp. | ||
| 546 | _aAudio en Castellano, Inglés, Francés, Alemán e Italiano. Subtítulos en Castellano, Francés, Italiano y Holandés. | ||
| 650 | 0 | 4 |
_aConflicto armado _zNicaragua _vDVD _911564 |
| 650 | 0 | 4 |
_aEntretenimiento _926487 |
| 650 | 0 | 4 |
_aPelículas cinematográficas _zEstados Unidos _vDVD _97903 |
| 650 | 0 | 4 |
_aPeriodismo _97909 |
| 650 | 0 | 4 |
_aPeriodistas en el cine _vDVD _921369 |
| 700 | 1 |
_aSpottiswoode, Roger _edir. |
|
| 710 | 2 | _aMetro-Goldwyn-Mayer | |
| 765 | _tUnder fire | ||
| 856 | 0 | 4 |
_uhttp://www.youtube.com/watch?v=IgsCN4-EP0Y _zSiga este vínculo para ver el trailer. |
| 942 |
_cMULTIMEDIA _2LOCAL _a24 _e1 |
||
| 999 |
_c63849 _d63849 |
||